| 000 | 00442nam a2200181Ia 4500 | ||
|---|---|---|---|
| 001 | 13854 | ||
| 005 | 20260306164831.0 | ||
| 008 | 260306t2003||||xx |||||||||||||| ||spa|| | ||
| 041 | _aESP | ||
| 082 |
_a005.369A _bR84 |
||
| 100 |
_aRosales Sánchez, Eduardo _eAUT |
||
| 245 | 0 | _aDesarrollo de proyectos AutoCad 2004 | |
| 260 | _c2003 | ||
| 300 |
_a682 páginas : _c21 cm. |
||
| 650 | _aGEN | ||
| 654 | _aCCC | ||
| 942 |
_cLIB _dJUS _fJUS _2ddc _n |
||
| 999 |
_c13854 _d13854 |
||